|
|
|
|
| LEADER |
00817nas a2200205 i 4500 |
| 001 |
acta42482 |
| 005 |
20211112111409.0 |
| 008 |
170612s2012 hu o 0|| eng d |
| 022 |
|
|
|a 1417-3875
|
| 040 |
|
|
|a SZTE Egyetemi Kiadványok Repozitórium
|b hun
|
| 041 |
|
|
|a eng
|
| 100 |
1 |
|
|a Abbas Saïd
|
| 245 |
1 |
0 |
|a Global attractivity of solutions for nonlinear fractional order Riemann-Liouville Volterra-Stieltjes partial integral equations
|h [elektronikus dokumentum] /
|c Abbas Saïd
|
| 260 |
|
|
|c 2012
|
| 300 |
|
|
|a 1-15
|
| 490 |
0 |
|
|a Electronic journal of qualitative theory of differential equations
|
| 695 |
|
|
|a Volterra-egyenlet, Riemann-Liouville integrál
|
| 700 |
0 |
1 |
|a Benchohra Mouffak
|e aut
|
| 700 |
0 |
1 |
|a Nieto Juan J.
|e aut
|
| 856 |
4 |
0 |
|u http://acta.bibl.u-szeged.hu/42482/1/ejqtde_2012_081_001-015.pdf
|z Dokumentum-elérés
|